000 00928nam a2200289 a 4500
001 000109741
003 CHAP
005 20220329144102.0
008 140523s2011 mx |rm |0|||||spa d
010 _a106203
011 _a107175
040 _cCHAP
090 _aTesis
100 1 _aMata Estrada, Analy
_9127011
245 1 0 _aRespuesta reproductiva y productiva de la alimentación estratégica pre y post-empadre en ovejas Pelibuey /
_cpor Analy Mata Estrada.
260 _aCocula, Gro. :
_bEl autor,
_c2011.
300 _ax, 79 h. :
_bil., gráfs., cuadros.
502 _aTesis (Ing. Agr. Zootecnista) -- CSAEGro.
590 _aE6096MTM
_b05
_c20140523
_lUCH01
_h0956
650 1 4 _aGanado lanar
_xAlimentación.
_945153
650 1 4 _aGanado lanar
_xProducción.
_945214
650 1 4 _aGanado lanar
_xRazas.
_945218
650 1 4 _aGanado lanar
_xReproducción.
_945220
901 _aBK
942 _cTESIS
942 _n0
999 _c106203
_d106203